| 000 | 00403 a2200145 4500 | ||
|---|---|---|---|
| 999 |
_c12052 _d12052 |
||
| 003 | OSt | ||
| 005 | 20240117162949.0 | ||
| 008 | 240117b ||||| |||| 00| 0 eng d | ||
| 020 | _a9781864706000 | ||
| 082 |
_a724.7 _bFAR |
||
| 100 | _a Beverly Russell; Eva Maddox; Farooq Ameen | ||
| 245 | _aFifty Under Fifty: Innovators of the 21st Century | ||
| 260 |
_bImages Publishing Dist Ac _c2015 |
||
| 942 | _2ddc | ||